000 00939nam a22003137a 4500
001 0007975
003 KOHA_MİRAKIL
005 20260207001617.0
007 ta
008 091007b1971 us |||gr||||#||||0|eng |
040 _aTR-BiSEU
_btur
_cTR-BiSEU
_erda
041 0 _aeng
044 _cus
050 _aHF5681
_b.S55 1971
100 1 _aShillinglaw, Gordon.
245 1 _aCost accounting :
_banalysis and control/
_cGordon Shillinglaw ; Gordon Shillinglaw.
264 1 _aHomewood, illinois :
_bRichard D. Irwin, c1967
_c1971
300 _axviii, 913 sayfa: tablo
336 _ametin
_btxt
_2rdacontent
337 _aaracısız
_bn
_2rdamedia
338 _acilt
_bnc
_2rdacarrier
490 0 _aThe Willard J.
490 0 _aGraham series in accounting
500 _aDizin var.
650 0 _aMaliyet muhasebesi.
_93965
830 0 _aThe Willard J.
_919767
830 0 _aGraham series in accounting
_911611
942 _2lcc
_cBK
999 _c7950
_d7950